Statistics for African Countries Beginning with the Letters of JETPUNK

Click here to take the quiz!

General Stats

  • This quiz has been taken 522 times
    (432 since last reset)
  • The average score is 11 of 13

Answer Stats

Country% Correct
Ethiopia
97%
Uganda
96%
Eritrea
94%
Kenya
91%
Niger
89%
Nigeria
89%
Namibia
88%
Tanzania
88%
Togo
86%
Tunisia
85%
Egypt
83%
Equatorial Guinea
80%
Eswatini
80%

Score Distribution

Percentile by Number Answered

Percent of People with Each Score

Your Score History

You have not taken this quiz since the last reset